[Event "Tourn. n8408"]
[Site "www.chess-mail.com"]
[Date "2015.12.05"]
[Round "1"]
[White "Tartan"]
[Black "Yangqi"]
[WhiteElo "2450"]
[BlackElo "2520"]
[Result "1/2-1/2"]
[Round "1"]
1.d4 f5
2.g3 g6
3.Bf1g2 Bf8g7
4.c4 Ng8f6
5.Nb1c3 O-O
6.Ng1f3 d6
7.O-O Qd8e8
8.d5 a5
9.Ra1b1 Nb8a6
10.b3 Bc8d7
11.Bc1b2 Na6c5
12.a3 h6
13.Nf3d4 Nf6e4
14.Nc3xe4 Nc5xe4
15.f3 Ne4c5
16.f4 c6
17.Nd4c2 Bg7xb2
18.Rb1xb2 Qe8f7
19.Rb2b1 Rf8c8
20.Nc2e3 Qf7f6
21.Qd1d2 a4
22.b4 Nc5b3
23.Qd2d3 c5
24.b5 h5
25.Ne3c2 h4
26.gxh4 Kg7
27.e3 Rc8h8
28.Nc2e1 Rh8xh4
29.Ne1f3 Rh4h5
30.Rf1e1 Ra8h8
31.Re1e2 b6
32.Rb1d1 Bd7c8
33.h3 Kf8
34.Qd3c2 Bc8d7
35.Qc2d3 Ke8
36.Qd3c2 Kd8
37.Re2e1 Kc7
38.Re1f1 Kb8
39.Rf1f2 Kb7
40.Rf2f1 Kc7
{ draw }
1/2-1/2

[Event "Tourn. n8385"]
[Site "www.chess-mail.com"]
[Date "2015.12.05"]
[Round "1"]
[White "Seger"]
[Black "Obisporey"]
[WhiteElo "2750"]
[BlackElo "2630"]
[Result "1-0"]
[Round "1"]
1.e4 c5
2.Ng1f3 d6
3.d4 cxd4
4.Nf3xd4 Ng8f6
5.Nb1c3 a6
6.Bf1e2 e5
7.Nd4b3 Bf8e7
8.Qd1d3 b5
9.a4 b4
10.Nc3d5 Bc8b7
11.Nd5xf6 Be7xf6
12.a5 Nb8d7
13.Bc1d2 Nd7c5
14.Nb3xc5 dxc5
15.Qd3xd8 Ra8xd8
16.f3 Bf6h4
17.g3 Bh4e7
18.O-O-O Rh8f8
19.Rh1e1 f6
20.b3 f5
21.exf5 Rf8xf5
22.Re1f1 Rf5f8
23.f4 e4
24.Bd2e3 Rf8f6
25.Rd1xd8 Kxd8
26.f5 h6
27.Be2c4 Kc7
28.Kd2 Be7d6
29.g4 Kc6
30.h4 Bb7c8
31.h5 Rf6f8
32.Be3f4 Kc7
33.Ke3 Bc8b7
34.Bf4xd6 Kxd6
35.Kf4 Rf8e8
36.Rf1d1 Kc7
37.Ke3 Re8f8
38.Bc4d5 Bb7c6
39.Bd5xc6 Kxc6
40.Kxe4 Rf8e8
41.Kf3 Re8e7
42.Rd1d8 Kb5
43.Rd8f8 Re7d7
44.f6 gxf6
45.Rf8xf6 Rd7d2
46.Rf6xh6 Rd2xc2
47.Rh6h8 Rc2c3
48.Kf2 Rc3c2
49.Kg3 Rc2c3
50.Kh4 Rc3xb3
51.h6 Rb3b1
52.g5 Rb1g1
53.h7 Kxa5
54.Kh5 c4
55.g6 c3
56.Rh8c8 { resign }
1-0

[Event "Tourn. n8470"]
[Site "www.chess-mail.com"]
[Date "2015.12.05"]
[Round "1"]
[White "Dulap"]
[Black "Roque1"]
[WhiteElo "1720"]
[BlackElo "1640"]
[Result "1/2-1/2"]
[Round "1"]
1.e4 c5
2.Ng1f3 e6
3.d4 cxd4
4.Nf3xd4 Ng8f6
5.Nb1c3 Bf8b4
6.Bf1d3 O-O
7.O-O Nb8c6
8.Nd4xc6 dxc6
9.Bc1g5 Qd8d4
10.Rf1e1 Bb4xc3
11.bxc3 Qd4xc3
12.e5 Nf6d5
13.Qd1h5 f5
14.Qh5e2 b5
15.Bg5d2 Qc3d4
16.c3 Qd4c5
17.Re1c1 Nd5b6
18.Bd2e3 Qc5xe5
19.Qe2f3 Bc8b7
20.Ra1b1 Rf8d8
21.Bd3xb5 Rd8d5
22.c4 Rd5d7
23.Bb5xc6 Bb7xc6
24.Qf3xc6 Ra8d8
25.Be3xb6 axb6
26.Qc6xb6 Qe5e2
27.Qb6b3 Rd7d2
28.Rc1f1 Rd2xa2
29.Rb1e1 Ra2b2
30.Re1xe2 Rb2xb3
31.Re2xe6 Rb3c3
32.Re6c6 Rd8d4
33.Rc6c5 g6
34.h3 Rd4xc4
35.Rc5xc4 Rc3xc4
36.Rf1d1 Kf7
37.Rd1d7 Kg8
38.Kh2 Rc4c2
39.f3 Rc2e2
{ draw }
1/2-1/2

[Event "Tourn. n8409"]
[Site "www.chess-mail.com"]
[Date "2015.12.05"]
[Round "1"]
[White "Emiondi"]
[Black "Boyc"]
[WhiteElo "1499"]
[BlackElo "1530"]
[Result "1-0"]
[Round "1"]
1.d4 Ng8f6
2.c4 g6
3.Nb1c3 Bf8g7
4.e4 d6
5.f4 O-O
6.Ng1f3 c5
7.d5 e6
8.Bf1e2 exd5
9.cxd5 b5
10.e5 dxe5
11.fxe5 Nf6g4
12.Bc1g5 Qd8b6
13.O-O c4
14.Kh1 h6
15.Bg5f4 Nb8d7
16.e6 fxe6
17.dxe6 Nd7f6
18.e7 Rf8e8
19.Nf3d4 g5
20.Bf4c1 Re8xe7
21.Nd4xb5 Ng4f2
22.Rf1xf2 Qb6xf2
23.Bc1d2 Bc8b7
24.Qd1f1 Qf2xf1
25.Be2xf1 Ra8d8
26.Bf1xc4 Kh7
27.Bd2e1 Nf6g4
28.Bc4e2  { time }
1-0

[Event "Tourn. n8511"]
[Site "www.chess-mail.com"]
[Date "2015.12.05"]
[Round "1"]
[White "Yangqi"]
[Black "Faerieking"]
[WhiteElo "2610"]
[BlackElo "2240"]
[Result "1-0"]
[Round "1"]
1.c4 Ng8f6
2.g3 e6
3.Bf1g2 Nb8c6
4.Ng1f3 b6
5.O-O Bf8e7
6.Nb1c3 O-O
7.e4 Bc8b7
8.e5 Nf6e8
9.d4 f6
10.Rf1e1 Ra8b8
11.b3 fxe5
12.dxe5 d6
13.Bc1b2 Qd8c8
14.Bg2h3 Nc6d8
15.Nc3d5 Bb7xd5
16.cxd5 { resign }
1-0

[Event "Tourn. n8481"]
[Site "www.chess-mail.com"]
[Date "2015.12.05"]
[Round "1"]
[White "Mitja"]
[Black "Goosebumps"]
[WhiteElo "2020"]
[BlackElo "2130"]
[Result "0-1"]
[Round "1"]
1.d4 Ng8f6
2.e3 b6
3.Ng1f3 e6
4.a3 c5
5.dxc5 bxc5
6.c3 a6
7.Bf1e2 Bc8b7
8.b4 Nb8c6
9.Bc1b2 d5
10.Qd1a4 Qd8c7
11.O-O c4
12.Nf3d4 Bf8d6
13.h3 O-O
14.Nb1d2 Rf8e8
15.Rf1e1 e5
16.Nd4xc6 Bb7xc6
17.Qa4c2 a5
18.Nd2f3 Nf6e4
19.Nf3d2 Ne4g5
20.Nd2f1 e4
21.Re1d1 Ra8d8
22.Be2g4 a4
23.Rd1d2 Bc6d7
24.Bg4xd7 Qc7xd7
25.Kh1 Re8e6
26.Rd2xd5 Re6g6
27.Nf1g3 Ng5xh3
28.gxh3 Qd7xh3
29.Kg1 Rd8d7
30.Qc2xe4 Kf8
31.Qe4g2 Qh3h4
32.Rd5h5 Bd6xg3
33.Rh5xh4 Bg3xh4
34.Qg2xg6 fxg6
35.Kf1 Rd7d2
36.f3 Rd2xb2
{ resign }
0-1

[Event "Match"]
[Site "www.echecsemail.com"]
[Date "2015.12.05"]
[Round "1"]
[White "Rindrandria"]
[Black "Ranjachess"]
[WhiteElo "1580"]
[BlackElo "1710"]
[Result "0-1"]
[Round "1"]
1.e4 e5
2.Bf1c4 Ng8f6
3.d3 Bf8e7
4.Ng1f3 d6
5.Nf3g5 Rh8f8
6.O-O Bc8e6
7.Bc4xe6 h6
8.Ng5xf7 Rf8xf7
9.Be6xf7 Kxf7
10.Qd1f3 Nb8c6
11.c3 b5
12.Nb1a3 b4
13.cxb4 Nc6xb4
14.Bc1d2 c5
15.Bd2xb4 cxb4
16.Na3c4 g5
17.Qf3d1 Qd8c7
18.Qd1b3 d5
19.Nc4e3 Ra8d8
20.exd5 Kf8
21.Ra1c1 Qc7b7
22.Rc1c5 Be7xc5
23.Ne3f5 Nf6g4
24.d4 exd4
25.Rf1c1 Rd8xd5
26.Rc1xc5 Rd5xc5
27.Nf5g3 Rc5c1
28.Ng3f1 Qb7b5
29.Qb3f3 Kg7
30.Qf3xg4 Qb5xf1

0-1

[Event "Match"]
[Site "www.echecsemail.com"]
[Date "2015.12.05"]
[Round "1"]
[White "Coraza"]
[Black "Chtoubidou"]
[WhiteElo "1680"]
[BlackElo "1970"]
[Result "0-1"]
[Round "1"]
1.e4 c6
2.Bf1c4 d5
3.exd5 cxd5
4.Bc4b5 Nb8c6
5.c3 Ng8f6
6.d4 Bc8f5
7.Nb1d2 e6
8.Ng1f3 a6
9.Bb5xc6 bxc6
10.Nf3e5 Qd8d6
11.Qd1a4 Bf8e7
12.Ne5xc6 O-O
13.Nd2f3 Rf8c8
14.Nc6e5 Nf6e8
15.Bc1f4 Qd6b6
16.Bf4c1 f6
17.Ne5d7 Qb6d6
18.Nd7c5 e5
19.O-O e4
20.Nf3h4 Bf5g6
21.Nh4xg6 hxg6
22.g3 Qd6b6
23.Nc5d7 Qb6c6
24.Qa4xc6 Rc8xc6
25.a4 Ra8d8
26.Nd7c5 Be7xc5
27.dxc5 Rc6xc5
28.Bc1e3 Rc5c6
29.f3 Ne8d6
30.Ra1d1 Nd6c4
31.Be3c1 e3
32.Rf1e1 Rc6e6
33.b3 e2
34.Rd1d4 Nc4b6
35.Kf2 Rd8c8
36.Bc1e3 Rc8xc3
37.Re1xe2 Rc3xb3
38.Rd4g4 g5
39.f4 gxf4
40.Rg4xf4 Nb6c4
41.Be3d4 Re6xe2
42.Kxe2 Rb3a3
43.Rf4f5 Ra3xa4
44.Rf5xd5 Nc4a3
45.Bd4b2 Na3b5
46.h4 Ra4a2
47.Rd5d2 a5
48.Bb2xf6 Ra2xd2
49.Kxd2 gxf6
50.Kc2 a4
51.Kb2 f5
52.h5 Kh7
53.Ka2 Kh6
54.Kb2 Kxh5
55.Ka2 Kg4
{ resign }
0-1

[Event "Match"]
[Site "www.echecsemail.com"]
[Date "2015.12.05"]
[Round "1"]
[White "Pinehill"]
[Black "Genius9"]
[WhiteElo "2070"]
[BlackElo "1790"]
[Result "1-0"]
[Round "1"]
1.e4 c6
2.d4 d5
3.Nb1d2 g6
4.e5 Bf8g7
5.c3 h5
6.h4 Bc8f5
7.Ng1f3 e6
8.Nf3g5 Nb8d7
9.f4 Ng8e7
10.Nd2f3 O-O
11.Ng5xf7 Rf8xf7
12.Nf3g5 Rf7f8
13.Bf1d3 Bf5g4
14.Qd1c2 { resign }
1-0

[Event "Match"]
[Site "www.echecsemail.com"]
[Date "2015.12.05"]
[Round "1"]
[White "Hurtadofredy"]
[Black "Germancho95"]
[WhiteElo "1600"]
[BlackElo "1530"]
[Result "0-1"]
[Round "1"]
1.d4 d5
2.e3 Ng8f6
3.Qd1f3 Bc8g4
4.Qf3g3 e6
5.f3 Bf8d6
6.Qg3f2 Bg4h5
7.g4 Bh5g6
8.Nb1d2 Nb8c6
9.c3 O-O
10.h4 h5
11.Ng1h3 hxg4
12.fxg4 Nf6xg4
13.Qf2f3 f5
14.Nh3f4 Rf8f6
15.Nf4xg6 Rf6xg6
16.h5 Rg6h6
17.Bf1g2 Ng4h2
18.Qf3h3 Qd8g5
19.Rh1xh2 Bd6xh2
20.Qh3xh2 Rh6xh5
21.Qh2g1 e5
22.Bg2xd5 Kh7
23.Qg1xg5 Rh5xg5
24.Nd2f1 exd4
25.exd4 Ra8e8
26.Kf2 f4
27.Bc1xf4 Rg5xd5
28.Nf1g3 Re8f8
29.Ra1h1 Kg8
30.Kf3 g5
31.Rh1g1 Rf8xf4
32.Ke3 Kh7
33.Ng3h5 Rf4f7
34.Rg1h1 Kg6
35.Ke4 Rd5a5
36.a3 Rf7h7
37.d5 Nc6e7
38.Nh5g3 Ne7xd5
39.Kd4 Nd5f4
40.Rh1a1 Ra5d5
{ resign }
0-1

[Event "Match"]
[Site "www.echecsemail.com"]
[Date "2015.12.05"]
[Round "1"]
[White "Vinvangogh"]
[Black "Micheles"]
[WhiteElo "1590"]
[BlackElo "2510"]
[Result "0-1"]
[Round "1"]
1.e4 c6
2.d4 d5
3.Ng1f3 dxe4
4.Nf3e5 Ng8f6
5.c4 Nb8d7
6.Nb1c3 Nd7xe5
7.dxe5 Qd8xd1
8.Kxd1 Nf6g4
9.Nc3xe4 Bc8f5
10.Ne4c5 Ng4xf2
11.Ke1 Nf2xh1
12.Bc1g5 O-O-O
13.a4 Rd8d4
14.Bf1e2 h6
15.Bg5e3 Rd4h4
16.a5 e6
17.Ra1d1 Bf8xc5
18.Be3xc5 Rh4xh2
19.Bc5xa7 Bf5e4
20.Ba7b6 Nh1g3
21.Be2g4 Rh2xg2
22.b4 h5
23.Bg4h3 Rg2e2
{ resign }
0-1

[Event "Match"]
[Site "www.echecsemail.com"]
[Date "2015.12.05"]
[Round "1"]
[White "Emerchess"]
[Black "Paco"]
[WhiteElo "1299"]
[BlackElo "1870"]
[Result "1-0"]
[Round "1"]
1.Ng1f3 d5
2.d4 Nb8c6
3.Bc1f4 Bc8f5
4.c3 h6
5.e3 g5
6.Bf4g3 e6
7.Bf1d3 h5
8.h3 g4
9.Nf3e5 h4
10.hxg4 Bf5xd3
11.Qd1xd3 Nc6xe5
12.Bg3xe5 Rh8h6
13.Nb1d2 f6
14.Be5f4 Rh6h8
15.Qd3g6 Kd7
16.Qg6f7 Qd8e7
17.Qf7xe7 Bf8xe7
18.O-O-O a5
19.Nd2f3 f5
20.gxf5 exf5
21.Nf3e5 Kc8
22.Ne5g6 Rh8h7
23.Ng6xe7 Ng8xe7
24.Bf4g5 Ne7g6
25.Rh1h2 a4
26.a3 Rh7h5
27.Bg5f6 Kd7
28.Rd1h1 Ke6
29.Bf6xh4 Ra8h8
30.Bh4g3 Rh5xh2
31.Rh1xh2 Rh8xh2
32.Bg3xh2 Ng6h4
33.Bh2xc7 Nh4xg2
34.Kd2 Ng2h4
35.Ke2 b5
36.Bc7g3 Nh4g6
37.Kd3 Kf6
38.f3 Kg5
39.e4 f4
40.Bg3f2 dxe4
41.Kxe4 Ng6h4
42.Bf2xh4 Kxh4
43.Kxf4 Kh5
44.Kf5 Kh6
45.Kf6 Kh5
46.d5 { resign }
1-0

[Event "1/64 Finale"]
[Site "www.chess-mail.com"]
[Date "2015.12.05"]
[Round "1"]
[White "Boyc"]
[Black "Genius9"]
[WhiteElo "1680"]
[BlackElo "1790"]
[Result "0-1"]
[Round "1"]
1.e4 d5
2.exd5 Ng8f6
3.d4 Nf6xd5
4.c4 Nd5f6
5.Ng1f3 g6
6.Nb1c3 Bf8g7
7.Bf1e2 c6
8.O-O O-O
9.h3 Nb8d7
10.Bc1f4 Nd7b6
 { time }
0-1

[Event "Eq:chibcha-Team USA : "]
[Site "www.chess-mail.com"]
[Date "2015.12.05"]
[Round "1"]
[White "Carazo"]
[Black "Olddog55"]
[WhiteElo "1950"]
[BlackElo "1660"]
[Result "1-0"]
[Round "1"]
1.e4 e5
2.Bf1c4 Ng8h6
3.Ng1f3 d6
4.d4 f6
5.Bc1xh6 gxh6
6.Qd1d2 c6
7.dxe5 a5
8.O-O Bf8g7
9.e6 f5
10.c3 fxe4
11.Nf3e1 d5
12.Bc4b3 Bc8xe6
13.Ne1c2 O-O
14.Nc2e3 Bg7e5
15.Ne3c2 Qd8h4
16.g3 Qh4h3
17.Nb1a3 Rf8f5
18.Nc2e3 Rf5h5
19.f4 Be5f6
20.Rf1f2 Nb8d7
21.f5 { time. }
1-0

[Event "Eq:Clubul Central de Sah-Slap Shot Mates : "]
[Site "www.chess-mail.com"]
[Date "2015.12.05"]
[Round "1"]
[White "Rocadamica"]
[Black "Sebolix"]
[WhiteElo "2730"]
[BlackElo "2670"]
[Result "0-1"]
[Round "1"]
1.c4 f5
2.g3 Ng8f6
3.Bf1g2 g6
4.d4 Bf8g7
5.Ng1h3 O-O
6.Nb1c3 d6
7.b3 c6
8.O-O Nb8a6
 { time }
0-1

[Event "Eq:Clubul Central de Sah-Slap Shot Mates : "]
[Site "www.chess-mail.com"]
[Date "2015.12.05"]
[Round "1"]
[White "Sebolix"]
[Black "Rocadamica"]
[WhiteElo "2670"]
[BlackElo "2730"]
[Result "1-0"]
[Round "1"]
1.e4 c5
2.Ng1f3 d6
3.Bf1b5 Nb8d7
4.d4 Ng8f6
5.Nb1c3 cxd4
6.Qd1xd4 e5
7.Qd4d3 h6
8.Bc1e3 a6
9.Bb5c4 b5
10.Bc4d5  { time }
1-0

[Event "Tourn. n8474"]
[Site "www.chess-mail.com"]
[Date "2015.12.06"]
[Round "1"]
[White "Aperturaf"]
[Black "Cathar"]
[WhiteElo "2450"]
[BlackElo "2300"]
[Result "1-0"]
[Round "1"]
1.e4 e5
2.f4 exf4
3.Ng1f3 Ng8f6
4.e5 Nf6h5
5.d4 d6
6.Bf1c4 Nb8c6
7.O-O g6
8.Nb1c3 dxe5
9.d5 Bf8c5
10.Kh1 Nc6d4
11.Nf3xe5 Qd8h4
12.Bc1xf4 Nh5xf4
13.g3 Qh4h5
14.Rf1xf4 O-O
15.Qd1xh5 gxh5
16.Nc3e4 Bc5b6
17.Ne4f6 { resign }
1-0

[Event "Tourn. n8478"]
[Site "www.chess-mail.com"]
[Date "2015.12.06"]
[Round "1"]
[White "Faerieking"]
[Black "Seger"]
[WhiteElo "2270"]
[BlackElo "2740"]
[Result "0-1"]
[Round "1"]
1.e4 e6
2.d4 d5
3.Nb1c3 Ng8f6
4.Bc1g5 Bf8b4
5.e5 h6
6.Bg5d2 Bb4xc3
7.bxc3 Nf6e4
8.Qd1g4 g6
9.Bf1d3 Ne4xd2
10.Kxd2 f5
11.Qg4xg6 Kf8
12.Ng1h3 Qd8e7
13.Nh3f4 Nb8c6
14.a4 Qe7f7
15.h4 Ke8
16.h5 Nc6e7
17.Qg6xf7 Kxf7
18.a5 Bc8d7
19.c4 dxc4
20.Bd3xc4 Rh8c8
21.Rh1b1 Ra8b8
22.d5 exd5
23.Nf4xd5 Bd7e6
24.Nd5e3 Be6xc4
25.Ne3xc4 Rc8d8
26.Ke2 Rd8d5
27.Rb1d1 Rd5c5
28.Ra1a4 Ne7d5
29.Rd1xd5 Rc5xd5
{ resign }
0-1

[Event "Tourn. n8430"]
[Site "www.chess-mail.com"]
[Date "2015.12.06"]
[Round "1"]
[White "Osopanda"]
[Black "Fred"]
[WhiteElo "1850"]
[BlackElo "1970"]
[Result "1/2-1/2"]
[Round "1"]
1.c4 e5
2.Nb1c3 f5
3.g3 c6
4.Bf1g2 Bf8b4
5.e3 Ng8f6
6.Ng1e2 O-O
7.O-O d5
8.cxd5 cxd5
9.d3 Nb8c6
10.e4 f4
11.gxf4 Bb4xc3
12.bxc3 dxe4
13.dxe4 Qd8xd1
14.Rf1xd1 Bc8g4
15.f3 Bg4h5
16.fxe5 Nf6xe4
17.Ne2g3 Ne4xg3
18.hxg3 Bh5xf3
19.Bg2xf3 Rf8xf3
20.Bc1f4 Rf3xc3
21.Ra1b1 b6
22.Rb1c1 Rc3xc1
23.Rd1xc1 Nc6d4
24.Kf2 Kf7
25.Ke3 Ra8d8
26.Rc1c7 Kg6
27.Rc7xa7 Nd4c2
28.Ke4 Rd8d4
29.Kf3 h5
30.a4 Nc2e1
31.Ke3 Rd4b4
32.a5 bxa5
33.Ra7xa5 Ne1g2
34.Kf3 Ng2xf4
35.gxf4 Kf5
36.Kg3 Rb4e4
37.e6 Kxe6
38.Ra5xh5 Kf6
39.Kf3 Re4a4
40.Kg3 g6
41.Rh5b5 Ra4a1
42.Kf2 Ra1a3
43.Kg2 Ke6
44.Kf2 Ra3c3
45.Ke2 Rc3a3
{ draw }
1/2-1/2

[Event "Tourn. n8465"]
[Site "www.chess-mail.com"]
[Date "2015.12.06"]
[Round "1"]
[White "Liencam2"]
[Black "Orhany24"]
[WhiteElo "2300"]
[BlackElo "2030"]
[Result "1/2-1/2"]
[Round "1"]
1.e4 e5
2.d4 exd4
3.c3 d5
4.cxd4 c5
5.exd5 Qd8xd5
6.Nb1c3 Qd5xd4
7.Bf1b5 Nb8c6
8.Qd1e2 Bc8e6
9.Ng1f3 Qd4d6
10.Bc1g5 Bf8e7
11.Ra1d1 Qd6c7
12.O-O Ng8f6
13.Nf3e5 O-O
14.Bb5xc6 bxc6
15.Rf1e1 Ra8d8
16.f4 Nf6d5
17.Bg5xe7 Nd5xe7
18.b3 Ne7d5
19.Qe2d2 Be6f5
20.Nc3a4 Nd5f6
21.Qd2f2 Nf6e4
22.Qf2e3 f6
23.Ne5f3 Rf8e8
24.Nf3h4 Ne4d6
25.Qe3xc5 Bf5g4
26.Re1xe8 Nd6xe8
27.Rd1xd8 Qc7xd8
28.Qc5c2 Qd8d4
29.Qc2f2 Qd4d1
30.Qf2f1 Qd1d4
31.Qf1f2 Qd4d1
32.Qf2f1 Qd1d4
33.Qf1f2 { draw }
1/2-1/2

[Event "Tourn. n8446"]
[Site "www.chess-mail.com"]
[Date "2015.12.06"]
[Round "1"]
[White "Bira47"]
[Black "Luban"]
[WhiteElo "2010"]
[BlackElo "2160"]
[Result "0-1"]
[Round "1"]
1.c4 e6
2.g3 d5
3.Bf1g2 Ng8f6
4.e3 c5
5.Ng1f3 Nb8c6
6.b3 Bf8e7
7.O-O d4
8.exd4 cxd4
9.d3 e5
10.Rf1e1 Bc8g4
11.h3 Bg4xf3
12.Qd1xf3 Nc6b4
13.Qf3e2 Ra8b8
14.a3 Qd8a5
15.Bc1d2 Nf6d7
16.Bd2xb4 Be7xb4
17.Re1d1 O-O
18.Ra1a2 Bb4d6
19.b4 Qa5d8
20.c5 Bd6c7
21.Nb1d2 Nd7f6
22.Nd2e4 Nf6xe4
23.Bg2xe4 f5
24.Be4g2 Kh8
25.c6 b6
26.Ra2c2 Qd8d6
27.Qe2h5 Rb8e8
28.h4 Re8e6
29.Bg2h3 Re6f6
30.Rd1f1 e4
31.dxe4 fxe4
32.Kg2 e3
33.Kg1 exf2
34.Kh2 Qd6xg3
35.Kh1 Qg3h2
 { time }
0-1

[Event "Tourn. n8495"]
[Site "www.chess-mail.com"]
[Date "2015.12.06"]
[Round "1"]
[White "Norlavuaram"]
[Black "Umzi"]
[WhiteElo "2300"]
[BlackElo "2210"]
[Result "1/2-1/2"]
[Round "1"]
1.e4 d5
2.exd5 Qd8xd5
3.Nb1c3 Qd5a5
4.Ng1f3 c6
5.Bf1c4 b5
6.Bc4b3 Ng8f6
7.O-O Bc8g4
8.d4 e6
9.Bc1f4 Bf8e7
10.h3 Bg4h5
11.Rf1e1 O-O
12.a4 b4
13.Nc3e4 Nb8d7
14.Qd1d3 Bh5g6
15.Ne4xf6 Nd7xf6
16.Qd3e2 Nf6d5
17.Bf4h2 Qa5d8
18.Nf3e5 Be7d6
19.f4 Bd6xe5
20.Qe2xe5 a5
21.Ra1d1 h6
22.g4 Rf8e8
23.Bh2g3 Ra8c8
24.h4 f6
25.Qe5e2 Qd8d7
26.Qe2f2 Bg6f7
27.Qf2f3 Kh8
{ draw }
1/2-1/2

[Event "Tourn. n8377"]
[Site "www.chess-mail.com"]
[Date "2015.12.06"]
[Round "1"]
[White "Culiflori"]
[Black "Falcoale"]
[WhiteElo "1970"]
[BlackElo "1940"]
[Result "0-1"]
[Round "1"]
1.e4 c5
2.Ng1f3 e6
3.d4 cxd4
4.Nf3xd4 a6
5.Nb1c3 Nb8c6
6.Bc1e3 Bf8e7
7.Qd1d2 Be7b4
8.a3 Bb4a5
9.Nd4b3 Ng8f6
10.Nb3xa5 Nc6xa5
11.Bf1e2 O-O
12.e5 Nf6d5
13.Nc3xd5 exd5
14.Qd2xd5 Na5c6
15.O-O-O Nc6e7
16.Qd5d6 Ne7c6
17.Be2f3 Qd8a5
18.Bf3xc6 dxc6
19.f4 Bc8f5
20.h3 Rf8d8
21.Qd6c5 Qa5c7
22.Qc5b6 Qc7xb6
23.Be3xb6 Rd8e8
24.g4 Bf5e4
25.Rh1e1 Be4g2
26.Re1e3 Bg2d5
27.b3 f6
28.c4 Bd5f7
29.Rd1e1 fxe5
30.fxe5 a5
31.e6 Bf7g6
32.e7 h6
33.Re1d1 Ra8a6
34.c5 Ra6a8
35.Rd1d8 Kf7
36.Rd8xa8 Re8xa8
37.Bb6d8 Kg8
38.Re3e6 Bg6f7
39.Re6d6 Bf7e8
40.Kd2 Kf7
41.Ke3 Ra8a6
42.Kd4 a4
43.b4 Ra6a8
44.h4 Ra8b8
45.h5 Rb8c8
46.Ke4 Kg8
47.Kf5 Kf7
48.g5 hxg5
49.Kxg5 Rc8b8
50.h6 gxh6
51.Rd6xh6 Kg7
52.Rh6f6 b6
53.Bd8xb6 Rb8b7
54.Rf6f8 Rb7xe7
55.Rf8f3 Re7e5
56.Kf4 Re5e1
57.Rf3e3 Re1f1
58.Re3f3 Rf1xf3
59.Kxf3 Kf6
60.Ke4 Ke6
61.Bb6c7 Be8g6
62.Kd4 Bg6h5
63.Ke4 Bh5g6
64.Kd4 Bg6h5
65.Ke4 Bh5e2
66.Kd4 Be2b5
 { time }
0-1

[Event "Tourn. n8409"]
[Site "www.chess-mail.com"]
[Date "2015.12.06"]
[Round "1"]
[White "Boyc"]
[Black "Dspillman"]
[WhiteElo "1530"]
[BlackElo "1610"]
[Result "0-1"]
[Round "1"]
1.e4 e5
2.Ng1f3 Nb8c6
3.Bf1b5 a6
4.Bb5a4 b5
5.Ba4b3 Qd8f6
6.c3 Qf6g6
7.O-O d6
8.Rf1e1 Ng8f6
9.d4 Bf8e7
10.Nb1d2 Bc8h3
11.Nf3h4 Qg6g5
12.Nd2f3 Qg5g4
13.Kf1 Bh3xg2
14.Nh4xg2 Nf6h5
15.Bb3xf7 Kxf7
16.Nf3g5 Qg4xg5
17.Bc1xg5 g6
18.dxe5 Be7xg5
19.Qd1d5 Kg7
20.Qd5xc6 Ra8c8
21.Qc6d7 Kh6
22.exd6 Rh8d8
23.Qd7h3 cxd6
24.Ra1d1 Rc8c5
 { time }
0-1

[Event "Tourn. n8418"]
[Site "www.chess-mail.com"]
[Date "2015.12.06"]
[Round "1"]
[White "Julian"]
[Black "Emerchess"]
[WhiteElo "1770"]
[BlackElo "1859"]
[Result "0-1"]
[Round "1"]
1.e4 e5
2.Ng1f3 Nb8c6
3.c3 Ng8f6
4.d3 h6
5.g3 Bf8e7
6.Bf1g2 O-O
7.O-O d6
8.Rf1e1 Bc8g4
9.Nb1d2 Qd8d7
10.Qd1b3 Ra8b8
11.d4 exd4
12.cxd4 Rf8e8
13.e5 dxe5
14.dxe5 Nf6h7
15.Nd2e4 Bg4xf3
16.Bg2xf3 Nc6xe5
17.Bf3g2 Nh7f6
18.Ne4xf6 Be7xf6
19.Bc1f4 Ne5c6
20.Bg2xc6 Qd7xc6
21.Re1xe8 Rb8xe8
22.Ra1c1 Qc6b6
23.Bf4xc7 Qb6xb3
24.axb3 Bf6xb2
25.Rc1c2 Re8c8
26.Rc2xb2 Rc8xc7
27.Kg2 Kf8
28.b4 Rc7c6
29.Rb2a2 Rc6b6
30.Ra2xa7 Rb6xb4
31.h4 b5
32.Ra7b7 Rb4b1
33.g4 b4
34.g5 hxg5
35.hxg5 b3
36.f4 b2
37.f5 f6
38.gxf6 gxf6
39.Kh2 Ke8
40.Kg2 Kd8
41.Kh2 Kc8
42.Rb7b3 Kc7
43.Kg2 Kd6
44.Kf2 Ke5
45.Ke2 Kxf5
46.Kd2 Kg4
47.Kc2 Rb1e1
48.Kxb2 f5
49.Kc2 f4
50.Kd2 Re1e8
51.Rb3b7 f3
52.Rb7g7 Kh3
53.Rg7f7 Kg2
54.Rf7g7 Kf1
55.Rg7f7 f2
56.Rf7g7 Re8e2
57.Kd3 Ke1
58.Rg7f7 f1Q
59.Rf7xf1 Kxf1
{ resign }
0-1

[Event "Tourn. n8466"]
[Site "www.chess-mail.com"]
[Date "2015.12.06"]
[Round "1"]
[White "Comrade"]
[Black "Falcoale"]
[WhiteElo "2060"]
[BlackElo "1890"]
[Result "1-0"]
[Round "1"]
1.c4 c5
2.Nb1c3 e6
3.g3 Nb8c6
4.Bf1g2 Ng8f6
5.e3 a6
6.Ng1e2 Nc6b4
7.d4 cxd4
8.exd4 d5
9.a3 Nb4c6
10.b3 Bf8e7
11.O-O  { time }
1-0

[Event "Match"]
[Site "www.echecsemail.com"]
[Date "2015.12.06"]
[Round "1"]
[White "Ostapbender"]
[Black "Goosebumps"]
[WhiteElo "2780"]
[BlackElo "2160"]
[Result "1-0"]
[Round "1"]
1.c4 e5
2.Nb1c3 Ng8f6
3.g3 Bf8c5
4.Bf1g2 O-O
5.e3 Nb8c6
6.Ng1e2 d6
7.O-O Bc8e6
8.d4 exd4
9.exd4 Bc5b6
10.d5 Be6xd5
11.Nc3xd5 Nf6xd5
12.Qd1xd5 Rf8e8
13.Ne2f4 Ra8b8
14.Bc1d2 Qd8f6
15.Bd2c3 Qf6d8
16.Ra1e1 Nc6e7
17.Qd5g5 Ne7g6
18.Re1xe8 Qd8xe8
19.Nf4h5 f6
20.Nh5xf6 gxf6
21.Bg2d5 Kf8
22.Qg5xf6 Qe8f7
23.Qf6xf7 { resign }
1-0

[Event "Match"]
[Site "www.echecsemail.com"]
[Date "2015.12.06"]
[Round "1"]
[White "Jhw"]
[Black "Cristiano"]
[WhiteElo "2020"]
[BlackElo "2150"]
[Result "1/2-1/2"]
[Round "1"]
1.e4 c5
2.c3 e5
3.Ng1f3 Bf8d6
4.d4 cxd4
5.cxd4 exd4
6.Qd1xd4 Bd6f8
7.Bc1f4 Nb8c6
8.Qd4a4 d6
9.Nf3d4 Bc8d7
10.Bf1b5 Qd8c7
11.Nb1c3 Ng8f6
12.Nc3d5 Nf6xd5
13.exd5 Nc6xd4
14.Bb5xd7 Qc7xd7
15.Qa4xd4 f6
16.O-O Bf8e7
17.Rf1e1 b6
18.Re1e2 O-O
19.Ra1e1 Rf8e8
20.a4 Ra8c8
21.b3 Be7f8
22.g3 Re8xe2
23.Re1xe2 Rc8e8
24.Re2xe8 Qd7xe8
25.Qd4b4 Qe8e7
26.Kg2 g5
27.Bf4e3 Qe7c7
28.Be3d4 Bf8e7
29.Bd4c3 Kf7
30.f4 h6
31.f5 Qc7c5
32.Qb4xc5 dxc5
33.g4 Be7d6
34.h3 a6
35.a5 b5
36.Kf3 b4
37.Bc3e1 Ke7
38.h4 Bd6c7
39.hxg5 hxg5
40.Be1g3 Bc7xa5
41.Ke4 Kd7
42.Kd3 Ba5b6
43.Kc4 { draw }
1/2-1/2

[Event "Match"]
[Site "www.echecsemail.com"]
[Date "2015.12.06"]
[Round "1"]
[White "Tomcapp"]
[Black "Avg"]
[WhiteElo "1590"]
[BlackElo "1499"]
[Result "0-1"]
[Round "1"]
1.e4 d5
2.Bf1d3 Ng8f6
3.Ng1f3 dxe4
4.Nf3g5 exd3
5.c3 Qd8d5
6.Ng5f3 Qd5e4
7.Kf1 Nb8c6
8.b4 Bc8g4
9.b5 Nc6e5
10.c4 Ne5xf3
11.g3 Bg4h3

0-1

[Event "Match"]
[Site "www.echecsemail.com"]
[Date "2015.12.06"]
[Round "1"]
[White "Paco"]
[Black "Dulap"]
[WhiteElo "1910"]
[BlackElo "999"]
[Result "0-1"]
[Round "1"]
1.e4 e5
2.Ng1f3 Nb8c6
3.Bf1c4 Bf8c5
4.d3 Ng8f6
5.Nf3g5 O-O
6.Nb1c3 d6
7.Nc3d5 Nf6xd5
8.Bc4xd5 h6
9.Qd1h5 hxg5
10.Bc1xg5 Qd8e8
11.O-O-O Bc8e6
12.Rh1f1 Be6xd5
13.exd5 Nc6b4
14.Kb1 Nb4xd5
15.Qh5g4 Qe8e6
16.Qg4g3 Qe6g6
17.h4 a5
18.Rf1h1 Qg6h5
19.c4 Nd5f4
20.Bg5xf4 exf4
21.Qg3xf4 a4
22.g4 Qh5e5
23.Qf4f3 a3
24.d4 Bc5xd4
25.Rd1xd4 Qe5xd4
26.bxa3 Qd4xc4
27.Rh1c1 Qc4b5
28.Ka1 Rf8e8
29.Rc1b1 Qb5e5
30.Rb1b2 Ra8a6
31.Qf3xb7 Ra6b6
{ resign }
0-1

[Event "Match"]
[Site "www.echecsemail.com"]
[Date "2015.12.06"]
[Round "1"]
[White "Stevefillion"]
[Black "Krystek23"]
[WhiteElo "2320"]
[BlackElo "2380"]
[Result "1-0"]
[Round "1"]
1.c4 Ng8f6
2.Nb1c3 c5
3.g3 Nb8c6
4.Bf1g2 e6
5.Ng1f3 Bf8e7
6.O-O d5
7.cxd5 exd5
8.d4 cxd4
9.Nf3xd4 O-O
10.Bc1e3 Rf8e8
11.Qd1c2 Bc8e6
12.Ra1d1 Qd8d7
13.Nd4b3 h6
14.Be3c5 d4
15.Nb3xd4 Nc6xd4
16.Rd1xd4 Qd7c8
17.Bc5xe7 Re8xe7
18.Rf1d1 Re7c7
19.Qc2d3 a6
20.e4 Qc8f8
21.e5 Nf6d7
22.f4 Qf8c5
23.Kh1 Nd7f8
24.Nc3d5 Be6xd5
25.Bg2xd5 Ra8e8
26.Rd4c4 Qc5b6
27.Rc4xc7 Qb6xc7
28.Qd3c4 Qc7xc4
29.Bd5xc4 Re8c8
30.Bc4b3 Nf8e6
31.Rd1d6 Ne6c5
32.Bb3c2 Kf8
33.b4 Nc5e6
34.Bc2b3 Ke7
35.Bb3xe6 fxe6
36.Rd6b6 Rc8c7
37.a4 Kd7
38.a5 Rc7c1
39.Kg2 Rc1c7
40.Kh3 Ke7
41.Kg4 Kf7
42.Kh5 Rc7e7
43.g4 Re7c7
44.g5 hxg5
45.Kxg5 Rc7d7
46.f5 Ke7
47.Rb6xe6 Kf7
48.Re6d6 Rd7c7
49.e6  { time }
1-0

[Event "Match"]
[Site "www.echecsemail.com"]
[Date "2015.12.06"]
[Round "1"]
[White "Lino"]
[Black "Hundegana"]
[WhiteElo "1799"]
[BlackElo "2020"]
[Result "1-0"]
[Round "1"]
1.e4 c5
2.Ng1f3 e6
3.c3 a6
4.d4 b6
5.Bf1d3 Bc8b7
6.O-O Ng8e7
7.Bc1g5 f6
8.Bg5e3 g6
9.dxc5 bxc5
10.Be3xc5 d6
11.Bc5a3 Bf8g7
12.Nf3d4 Kf7
13.Nd4xe6 Kxe6
14.Qd1b3 Kd7
15.Qb3xb7 Qd8c7
16.Qb7xa8 Ne7c6
17.Rf1d1 Ke7
18.Bd3xa6 Nb8xa6
19.Qa8xa6 Rh8d8
20.Nb1d2 Nc6e5
21.f4 Ne5c6
22.Nd2c4 Kf7
23.Nc4xd6 Rd8xd6
24.Ba3xd6 Qc7a7
25.Qa6xa7 Nc6xa7
26.e5 fxe5
27.Bd6c5 Na7c6
28.Rd1d7 Kg8
29.Ra1e1 h5
30.fxe5 Nc6xe5
31.Rd7xg7 Kxg7
32.Re1xe5 Kf6
33.Bc5d4 Kf7
34.a4 g5
35.a5 g4
36.a6 h4
37.a7 { resign }
1-0